| 000 | 00356nam a2200145 4500 | ||
|---|---|---|---|
| 008 | 191125s2013||||xo d | ||
| 100 | 1 |
_aFindra Ján _91452 |
|
| 245 | 1 | 0 | _aŠtylistika súcasnej slovenciny |
| 250 | _a1.vydanie | ||
| 260 |
_bOsveta _aMartin _c2013 |
||
| 300 | _a319s. | ||
| 020 |
_a9788080634049 _c11,40 |
||
| 041 | 1 | _aslo | |
| 044 |
_axo _cSK |
||
| 999 |
_c22818 _d22818 |
||